000
00346nam a2200157Ia 4500
003
RNL
008
090707b ii f a fnsan d
040
_a
RCL
100
_a
Grewal, Amarjit Singh
_9
29575
245
_a
Prasang kaorav sabha
260
_a
Ludhiana
260
_b
Chetna Prakashan
260
_c
2006
300
_a
136p.
942
_c
BK
999
_c
21169
_d
21169